Statistics for English Football (Soccer) Teams A-Z

Click here to take the quiz!

General Stats

  • This quiz has been taken 113 times
  • The average score is 16 of 21

Answer Stats

LetterLeagueCity/RegionAnswer% Correct
APremier LeagueBirminghamAston Villa
95%
CPremier LeagueLondonChelsea
95%
EPremier LeagueMerseysideEverton
94%
LPremier LeagueMerseysideLiverpool
92%
MPremier LeagueGreater ManchesterManchester United
91%
TPremier LeagueLondonTottenham Hotspur
90%
FChampionshipLondonFulham
83%
BPremier LeagueLondonBrentford
82%
NPremier League____ upon TyneNewcastle United
82%
QChampionshipLondonQueens Park Rangers
82%
OLeague OneOxfordshireOxford United
79%
WPremier LeagueLondonWest Ham
79%
ILeague OneSuffolkIpswich
76%
DChampionshipEast MidlandsDerby County
74%
SPremier LeagueHampshireSouthampton
74%
HChampionshipEast YorkshireHull City
73%
PLeague OneDevonPlymouth Argyle
64%
YNational LeagueSomersetYeovil Town
64%
RChampionshipBerkshireReading
61%
GLeague OneKentGillingham
60%
KNational LeagueNorfolkKings Lynn Town
37%

Score Distribution

Percentile by Number Answered

Percent of People with Each Score

Your Score History

You have not taken this quiz